| 000 | 00000nam##2200000za#4500 |
| 001 | 9.646025 |
| 003 | CaOODSP |
| 005 | 20230202144024 |
| 007 | ta |
| 008 | 150407|1996||||xxc||||| f|0| 0 eng|d |
| 020 | |a0-662-23857-5 |
| 040 | |aCaOODSP|beng |
| 043 | |an-cn--- |
| 086 | 1 |aH72-21/140-1996E |
| 110 | 2 |aNational Clearinghouse on Family Violence (Canada). |
| 245 | 10|aDating violence: an issue at any age: awareness information for people in the workplace : |ba guide for use by people interested in meeting together to discuss dating violence issues / |cby Flora MacLeod and Brenda Dafoe. |
| 260 | |aOttawa - Ontario : |bHealth Canada. |c1996. |
| 300 | |a41p. in various pagings. : |breferences ; |c28 cm. |
| 563 | |aSoftcover |
| 590 | |a96-17|b1996-04-26 |
| 690 | 07|aViolence against women|2gcpds |
| 720 | 1 |aMacLeod, Flora |
| 720 | 1 |aDafoe, Brenda |
| 775 | 08|tLa violence dans la fréquentations: un risque à tout âge: sensibilisation du personnel en milieu de travail : |w(CaOODSP)9.679622 |
| 776 | 0#|tDating violence - an issue at any age : |w(CaOODSP)9.695702 |